000 00384nam a2200133 i 4500
001 bg
100 1 _aKUŚ, Stanisław
245 0 _aSploty jako cięgna w konstrukcjach strunobetonowych :
_banaliza teoretyczna, badania i zastosowanie /
_cStanisław Kuś.
260 _aWarszawa,
_c1971.
040 _cBPK
041 _apol
942 _cKS
008 s pl f |000 0 pol
999 _c20619
_d20619
856 _uhttp://koha.tu.koszalin.pl/cgi-bin/koha/opac-detail.pl?biblionumber=20619
_yKatalog online BPK